002790000a220007300045001000023000002450109000233000045001327730028001771 aBrocklin, Gary van10aLa influencia de Miguel Unamuno en el apostolado académico de Juan A. Mackay en los años 1916 a 1925 aVol. 6, Núm 10 (1998), Páginas 69-770 tTextos para la acción